Meta-analysis, decision analysis, and cost-effectiveness Analysis : methods for quantitative synthesis in medicine

Αποθηκεύτηκε σε:
Λεπτομέρειες βιβλιογραφικής εγγραφής
Κύριος συγγραφέας: Petitti, Diana B.
Μορφή: Βιβλίο
Γλώσσα:English
Δημοσίευση: New York : Oxford University Press, 1994
Σειρά:Monographs in epidemiology and biostatistics ; ; 24
Θέματα:
Ετικέτες: Προσθήκη ετικέτας
Δεν υπάρχουν, Καταχωρήστε ετικέτα πρώτοι!

MARC

LEADER 00000nam a2200000 i 4500
001 1/95180
008 991206s1994 eng d
020 |a 0-19-507334-7 
035 |l 10055188 
040 |a GR-MY-UA  |b gre  |e aacr 
041 0 |a eng 
082 0 |a 614.4072 
100 1 |a Petitti, Diana B. 
245 1 0 |a Meta-analysis, decision analysis, and cost-effectiveness Analysis :  |b methods for quantitative synthesis in medicine /  |c Diana B. Petitti 
260 |a New York :   |b Oxford University Press,   |c 1994 
300 |a x, 246 p. 
490 1 |a Monographs in epidemiology and biostatistics  |v ; 24 
504 |a Includes bibliographical references and indexes 
650 0 0 |a Medicine  |x Decision making. 
650 0 0 |a Statistical decision. 
650 0 0 |a Meta-analysis. 
650 0 0 |a Cost effectiveness. 
830 0 |a Monographs in epidemiology and biostatistics ;  |v ; 24 
852 |a INST  |b CHIOS  |e 19991206  |h 614.4072 PET  |p 005200019315  |q 005200019315  |t BK  |y 0 
901 |a BIBL2-2000-1 
909 |a Χ  |b 070759 
922 |a 2ΕΛΗ  |b 199911  |c ΤΝΕΥ  |d ΠΑΠΑΣΩΤΗΡΙΟΥ 
950 |a 125-1999-07-15 
970 |a ΣΠΕΝΤΖΑ  |b ΕΛΕΝΗ  |z 2000/03/23